00494nam a2200181 a 4500001001300000003000900013005001700022008004100039020001000080082001700090100001800107245004000125260003000165500003500195505003400230650003000264700001800294nice12345678IN_TiNIC20260116013457.0050524s1994 dela grp 000 0 eng  ac16000a340.59bABD4 aAbdur Rahim,  aPrinciples of Islamic Jurisprudence aDelhibKitab Bhavanc1994 aincludes index and biblioraphy2 aAppendix, Bibliography, Index aIslamic-Law Jurisprudence1 aAbdur Rahim,